000 01072cam a22002891i 4500
003 SA-RiAUC
005 20251004161119.0
008 250929s2005 jo g b 00110 ara c
035 _aADRIF2018-351
040 _aKAPL
_bara
_cSA-RiAUC
_erda
082 0 4 _a252
_qSA-RiAUC
092 _a252
_bص د ي
100 1 _aالصديقي، طاهر يوسف صديق
_eمؤلف.
245 1 0 _aفقه المستجدات في باب العبادات /
_cطاهر يوسف صديق الصديقي.
250 _aالطبعة الأولى.
264 1 _aعمان، الأردن :
_bدار النفائس للنشر والتوزيع،
_c2005.
300 _a318 صفحة ؛
_c24 سم
336 _aنص
_btxt
_2rdacontent
_3كتاب
337 _aبدون وسيط
_bn
_2rdamedia
338 _aمجلد
_bnc
_2rdacarrier
500 _aكشاف : صفحة 281.
504 _aببليوجرافية : صفحة 293-310.
590 _aأسماء.
650 7 _aالعبادات (فقه إسلامي)
_2aucsh
942 _2ddc
_cBOOK
_n0
949 _aSA-JeALM
_d250929
_umohamedma123
_n1
999 _c12359
_d12359